00760nam a2200253 a 4500001001300000003000900013005001700022008004100039020002300080082001800103100002300121245004800144260003700192300000900229500003500238505001000273650001900283650001800302700002300320902000800343942000700351952013100358999001700489nice12345678IN_TiNIC20260116013621.0050524s1993 jaia grp 000 0 eng  a8185263 c38000a954.0357bTRI aTriveedi, Rajkumar aCritical Triangle, India Britain and Turkey aJaipurbPublication Schemec1993 a298p aincludes index and biblioraphy2 aIndex aTurkey-History aIndia-History1 aTriveedi, Rajkumar bSRS cBK 001040708StackRoom-aHMIbHMId2007-08-01g380.00l1o954.0357 TRIp015728r2019-07-18s2019-07-10v380.00w2005-05-24yBK c11672d11672